000 01213nam a2200313 i 4500
001 179703
003 ES-MaACL
005 20250905102000.0
008 120111s2010 sp aeo |||| | spa d
020 _a978-84-938142-6-7
080 _a027(410.111 L.)
100 1 _aSettis, Salvatore.
_9149001
245 1 0 _aWarburg "continuatus"
_b: descripción de una biblioteca /
_cSalvatore Settis ; testimonios de Fritz Saxl y Eric M. Warburg ; introducción de Fernando Checa.
250 _a1ª ed.
260 _aBarcelona :
_bEdiciones de La Central ;
_aMadrid :
_bMuseo Nacional Centro de Arte Reina Sofía,
_c2010.
300 _a121 p. :
_bil., fot., planos ;
_c24 cm.
490 1 _aCoup de dés
504 _aReferencias bibliográficas.
610 2 7 _aWarburg Institute.
_bLibrary.
_9147269
650 0 4 _aBibliotecas.
_9188814
700 1 _aSaxl, Fritz.
_9104096
700 1 _aWarburg, Eric M.
_9149002
700 0 _aCheca Cremades, Fernando,
_d1952-
_938301
710 2 _aMuseo Nacional Centro de Arte Reina Sofía
_9147737
830 0 _aCoup de dés
_9224520
852 _aES-MaACL
_jA-11865
_9186602
_bR.146726
_cDEPO1
_dOlim: N-4870
942 _2udc
_cMONOGRAFIA
999 _c179703
_d179703